Marco polo venice to china (Record no. 5525)
[ view plain ]
| 000 -LEADER | |
|---|---|
| fixed length control field | 00629nam a22002057a 4500 |
| 005 - DATE AND TIME OF LATEST TRANSACTION | |
| control field | 20250519110036.0 |
| 008 - FIXED-LENGTH DATA ELEMENTS--GENERAL INFORMATION | |
| fixed length control field | 250519b |||||||| |||| 00| 0 eng d |
| 040 ## - CATALOGING SOURCE | |
| Transcribing agency | DepED Dasmarinas City |
| 245 ## - TITLE STATEMENT | |
| Title | Marco polo venice to china |
| 250 ## - EDITION | |
| Edition statement | May 2001 Vol. 199 No. 5 |
| 490 ## - SERIES STATEMENT | |
| SERIES STATEMENT | National Geographic |
| 520 ## - SUMMARY, ETC. | |
| Summary, etc. | The Adventures of Marco Polo, Jaguars, Black Sea Mysteries, Deadly Haven: Mexico's Poisonous Cave, Pterosaurs, The Fragile World of Frogs, Jamestown, NM |
| 650 ## - SUBJECT ADDED ENTRY--TOPICAL TERM | |
| General subdivision | MARCO POLO |
| 650 ## - SUBJECT ADDED ENTRY--TOPICAL TERM | |
| General subdivision | JAGUARS |
| 650 ## - SUBJECT ADDED ENTRY--TOPICAL TERM | |
| General subdivision | DEEP BLACK SEA |
| 650 ## - SUBJECT ADDED ENTRY--TOPICAL TERM | |
| General subdivision | DEADLY HAVEN |
| 650 ## - SUBJECT ADDED ENTRY--TOPICAL TERM | |
| General subdivision | PTEROSAURUS |
| 650 ## - SUBJECT ADDED ENTRY--TOPICAL TERM | |
| General subdivision | FROGS |
| 942 ## - ADDED ENTRY ELEMENTS (KOHA) | |
| Source of classification or shelving scheme | Dewey Decimal Classification |
| Koha item type | Continuing Resources |
| 999 ## - | |
| -- | 5525 |
| -- | 5525 |
| Homebranch | current branch | Barcode |
|---|---|---|
| DepED Dasmarinas City | DepED Dasmarinas City | DSMSR052001-059 |
